[Event "Play for Durgesh Fundraiser Blitz"]
[Site "Vishy Anand Arena"]
[Date "2020.09.19"]
[Round "6"]
[White "Jiakher"]
[Black "Vivaan_r_2204"]
[Result "0-1"]
[WhiteElo "1327"]
[BlackElo "1422"]
[Annotator "NA"]
[PlyCount "58"]
[EventDate "2020.09.19"]
[EventType "swiss (blitz)"]

1. e4 e5 2. Nf3 Nc6 3. Bb5 a6 4. Bxc6 bxc6 5. Nxe5 Qe7 6. h4 Qxe5 7. Nc3 d6 8. d4 Qf6 9. Bg5 Qg6 10. b4 Be7 11. Qf3 Bxg5 12. e5 Bh6 13. Rd1 dxe5 14. dxe5 Bf5 15. b5 Bg4 16. Ne4 Bxf3 17. gxf3 Ne7 18. Nd6+ cxd6 19. exd6 Qe6+ 20. Kf1 Qc4+ 21. Kg2 Nf5 22. Kh3 O-O 23. Rd5 Qxd5 24. f4 Qf3+ 25. Kh2 Bxf4+ 26. Kg1 Qd1+ 27. Kg2 Qg4+ 28. Kf1 Nxh4 29. Ke1 Rfe8+ 0-1

[Event "Play for Durgesh Fundraiser Blitz"]
[Site "Vishy Anand Arena"]
[Date "2020.09.19"]
[Round "6"]
[White "nishu123"]
[Black "Hemanthagowda23"]
[Result "0-1"]
[WhiteElo "1326"]
[BlackElo "1406"]
[Annotator "NA"]
[PlyCount "92"]
[EventDate "2020.09.19"]
[EventType "swiss (blitz)"]

1. d4 d5 2. c4 dxc4 3. e4 Nf6 4. Nc3 e6 5. Bxc4 Bb4 6. Bd2 Bxc3 7. Bxc3 Nxe4 8. Nf3 Nxc3 9. bxc3 O-O 10. Bd3 h6 11. O-O Nc6 12. Qe1 b6 13. Qe4 f5 14. Qxc6 Rb8 15. Qb5 Bb7 16. Ne5 Qg5 17. g3 c6 18. Nxc6 Bxc6 19. Qxc6 Rbc8 20. Qxe6+ Kh8 21. Bc4 f4 22. h4 Qh5 23. gxf4 Qxh4 24. Rfe1 Qxf4 25. Re2 Rce8 26. Qd5 Rxe2 27. Bxe2 Qxf2+ 28. Kh1 Qxe2 29. Rg1 Qf2 30. Rg2 Qh4+ 31. Kg1 Qh3 32. Qe4 Qxc3 33. Qe5 Rg8 34. a4 a6 35. d5 Qxe5 36. Rd2 Qd6 37. Kf1 b5 38. Ke2 bxa4 39. Ke3 Re8+ 40. Kd4 Re5 41. Kc4 Qc7+ 42. Kd4 Qc5+ 43. Kxe5 Qc7+ 44. Kf5 Qd7+ 45. Kg6 Kg8 46. Re2 Qg4# 0-1

[Event "Play for Durgesh Fundraiser Blitz"]
[Site "Vishy Anand Arena"]
[Date "2020.09.19"]
[Round "6"]
[White "SaurabhGurbhele"]
[Black "VK2003"]
[Result "0-1"]
[WhiteElo "1324"]
[BlackElo "1485"]
[Annotator "NA"]
[PlyCount "28"]
[EventDate "2020.09.19"]
[EventType "swiss (blitz)"]

1. e4 e5 2. Nf3 Nc6 3. Nc3 Nf6 4. Bc4 Bc5 5. d3 d6 6. Bg5 Bg4 7. O-O Nd4 8. Nd5 c6 9. h3 Nxf3+ 10. Kh1 Nxg5 11. hxg4 cxd5 12. exd5 Qd7 13. f3 h5 14. Qe2 hxg4# 0-1

[Event "Play for Durgesh Fundraiser Blitz"]
[Site "Vishy Anand Arena"]
[Date "2020.09.19"]
[Round "6"]
[White "GIRI_CHESSBASE"]
[Black "Saksham2103"]
[Result "0-1"]
[WhiteElo "1314"]
[BlackElo "1535"]
[Annotator "NA"]
[PlyCount "100"]
[EventDate "2020.09.19"]
[EventType "swiss (blitz)"]

1. e4 c5 2. d4 cxd4 3. c3 dxc3 4. Nxc3 Nf6 5. g3 e6 6. Bg2 Bb4 7. Nf3 O-O 8. O-O Nc6 9. Bg5 h6 10. Bh4 g5 11. Nxg5 hxg5 12. Bxg5 Be7 13. Bxf6 Bxf6 14. f4 e5 15. fxe5 Nxe5 16. Nd5 Bg7 17. Qc2 d6 18. Qf2 Be6 19. Qf4 Nd3 20. Nf6+ Bxf6 21. Qxf6 Qxf6 22. Rxf6 Kg7 23. Raf1 Ne5 24. b3 Rac8 25. R6f2 Ng4 26. Rd2 Rh8 27. h3 Ne3 28. Rf3 Nxg2 29. Kxg2 Bxh3+ 30. Kf2 Rc6 31. Ke3 Rc3+ 32. Kf4 Rxf3+ 33. Kxf3 Rh6 34. g4 Bf1 35. g5 Re6 36. Kf4 Bb5 37. Kf5 Bc6 38. Re2 Re5+ 39. Kf4 Kg6 40. Re3 Rxg5 41. Rc3 Rc5 42. Rd3 d5 43. exd5 Rxd5 44. Ke4 Rxd3+ 45. Kxd3 Kf5 46. Kc4 Ke5 47. Kd3 f5 48. Ke3 f4+ 49. Ke2 Ke4 50. Kf2 f3 0-1

[Event "Play for Durgesh Fundraiser Blitz"]
[Site "Vishy Anand Arena"]
[Date "2020.09.19"]
[Round "6"]
[White "IshaanKher"]
[Black "Vivaan harjani"]
[Result "1-0"]
[WhiteElo "1312"]
[BlackElo "1412"]
[Annotator "NA"]
[PlyCount "79"]
[EventDate "2020.09.19"]
[EventType "swiss (blitz)"]

1. e4 e5 2. Bc4 Nf6 3. Nf3 Nc6 4. Bd5 Bc5 5. Bxc6 dxc6 6. Nxe5 Qd4 7. Qf3 Qxe5 8. c3 Qxe4+ 9. Qxe4+ Nxe4 10. O-O Nxf2 11. Rxf2 Bxf2+ 12. Kxf2 O-O 13. Kg1 Bf5 14. Na3 Bg4 15. d4 Rfe8 16. Bf4 Re2 17. Rb1 Bf5 18. Bxc7 Bxb1 19. Nxb1 Re1+ 20. Kf2 Rc1 21. Na3 Rh1 22. Kg3 Re1 23. Bf4 Re7 24. Bd6 Rd7 25. Bc5 b6 26. Bb4 Rc8 27. c4 c5 28. dxc5 bxc5 29. Ba5 Re8 30. Nb5 Re2 31. Bc3 Re3+ 32. Kf2 Re6 33. Kf3 f5 34. Kf4 Rf7 35. g4 fxg4+ 36. Kxg4 Re4+ 37. Kg3 Rxc4 38. Nd6 Rcf4 39. Nxf7 Rxf7 40. Kg4 1-0

[Event "Play for Durgesh Fundraiser Blitz"]
[Site "Vishy Anand Arena"]
[Date "2020.09.19"]
[Round "6"]
[White "Conqueror007"]
[Black "Arnav_krishna"]
[Result "0-1"]
[WhiteElo "1311"]
[BlackElo "1620"]
[Annotator "NA"]
[PlyCount "66"]
[EventDate "2020.09.19"]
[EventType "swiss (blitz)"]

1. d4 d5 2. c4 dxc4 3. Nc3 e6 4. e4 Bb4 5. Bxc4 Bd7 6. Nf3 b5 7. Bd3 Na6 8. O-O Bxc3 9. bxc3 b4 10. Bd2 bxc3 11. Bxc3 Nb8 12. d5 exd5 13. exd5 Bg4 14. Re1+ Kf8 15. Be4 Nf6 16. h3 Nxe4 17. Rxe4 Bh5 18. Bb4+ Kg8 19. Qe2 Nd7 20. Ne5 Bxe2 21. Rxe2 Nxe5 22. Rxe5 Qf6 23. Rae1 h6 24. Be7 Qg6 25. h4 f6 26. R5e4 Kh7 27. d6 cxd6 28. Bxd6 Rad8 29. Bf4 Rd2 30. a4 Ra2 31. g3 h5 32. Re7 Rxa4 33. Rd1 Rxf4 0-1

[Event "Play for Durgesh Fundraiser Blitz"]
[Site "Vishy Anand Arena"]
[Date "2020.09.19"]
[Round "6"]
[White "Iameture123"]
[Black "Spoorthikiran"]
[Result "1-0"]
[WhiteElo "1309"]
[BlackElo "1391"]
[Annotator "NA"]
[PlyCount "47"]
[EventDate "2020.09.19"]
[EventType "swiss (blitz)"]

1. d4 d5 2. Nf3 Nc6 3. Bf4 Nf6 4. Nc3 Bg4 5. h3 Bxf3 6. exf3 e6 7. Bb5 Bb4 8. Bd2 O-O 9. a3 Qd7 10. O-O Bxc3 11. Bxc3 a6 12. Bd3 Rfe8 13. Re1 Rac8 14. f4 Rcd8 15. Qf3 Ne4 16. Rxe4 dxe4 17. Bxe4 Qd6 18. Rd1 e5 19. fxe5 Nxe5 20. dxe5 Qxd1+ 21. Qxd1 Rxd1+ 22. Kh2 c6 23. Bd3 c5 24. Ba5 1-0

[Event "Play for Durgesh Fundraiser Blitz"]
[Site "Vishy Anand Arena"]
[Date "2020.09.19"]
[Round "6"]
[White "Conqueror007"]
[Black "Akshar77"]
[Result "0-1"]
[WhiteElo "1306"]
[BlackElo "1530"]
[Annotator "NA"]
[PlyCount "76"]
[EventDate "2020.09.19"]
[EventType "swiss (blitz)"]

1. d4 Nf6 2. c4 e6 3. Nc3 Bb4 4. Bg5 h6 5. Bd2 d5 6. cxd5 exd5 7. Nf3 c6 8. a3 Bd6 9. e3 O-O 10. Bd3 Re8 11. h3 Ne4 12. O-O Bf5 13. Bc2 Qf6 14. b4 Nd7 15. b5 Nxc3 16. Bxc3 cxb5 17. Qb1 Bxc2 18. Qxc2 a6 19. Rfe1 Rac8 20. Rac1 Bxa3 21. Qb3 Bxc1 22. Rxc1 Qf5 23. Ne5 Nxe5 24. Qxd5 b4 25. Bb2 Rxc1+ 26. Bxc1 Qc2 27. Qc5 Qxc5 28. dxc5 b3 29. Bb2 Nd3 30. Ba3 Rc8 31. Kf1 b6 32. cxb6 Rc6 33. b7 Rb6 34. Ke2 Nf4+ 35. exf4 Rxb7 36. Kf3 b2 37. Bxb2 Rxb2 38. g4 Rb3+ 0-1

[Event "Play for Durgesh Fundraiser Blitz"]
[Site "Vishy Anand Arena"]
[Date "2020.09.19"]
[Round "6"]
[White "Karthik12"]
[Black "Niru_g"]
[Result "0-1"]
[WhiteElo "1304"]
[BlackElo "1506"]
[Annotator "NA"]
[PlyCount "50"]
[EventDate "2020.09.19"]
[EventType "swiss (blitz)"]

1. e4 c5 2. Bc4 d6 3. Nf3 Nf6 4. Ng5 e6 5. O-O h6 6. Nf3 Nc6 7. Re1 Be7 8. e5 Nd5 9. exd6 Qxd6 10. Bxd5 Qxd5 11. b3 O-O 12. c4 Qd8 13. Bb2 Bf6 14. Bxf6 Qxf6 15. Na3 e5 16. Nb5 Bg4 17. Nc7 Rac8 18. Nb5 a6 19. Nc3 Be6 20. Ne4 Qe7 21. Rb1 f5 22. Ng3 e4 23. Rc1 exf3 24. Qxf3 Nd4 25. Qe3 f4 0-1

[Event "Play for Durgesh Fundraiser Blitz"]
[Site "Vishy Anand Arena"]
[Date "2020.09.19"]
[Round "6"]
[White "Bhabnish7"]
[Black "Vvalsaraju"]
[Result "1-0"]
[WhiteElo "1289"]
[BlackElo "1439"]
[Annotator "NA"]
[PlyCount "41"]
[EventDate "2020.09.19"]
[EventType "swiss (blitz)"]

1. e4 c5 2. Nf3 Nc6 3. d4 cxd4 4. Nxd4 e6 5. Nc3 a6 6. Be3 Nge7 7. f3 d5 8. Bd3 dxe4 9. Bxe4 Bd7 10. Qd2 Qa5 11. O-O-O O-O-O 12. Kb1 Ne5 13. Nb3 Qb4 14. Bc5 Qc4 15. Bd3 Nxd3 16. cxd3 Qh4 17. Rc1 Nc6 18. d4 Bxc5 19. Nxc5 Qxd4 20. Qxd4 Nxd4 21. Rcd1 1-0

[Event "Play for Durgesh Fundraiser Blitz"]
[Site "Vishy Anand Arena"]
[Date "2020.09.19"]
[Round "6"]
[White "GIRI_CHESSBASE"]
[Black "Aryam_2006"]
[Result "1-0"]
[WhiteElo "1289"]
[BlackElo "1479"]
[Annotator "NA"]
[PlyCount "85"]
[EventDate "2020.09.19"]
[EventType "swiss (blitz)"]

1. e4 c5 2. d4 cxd4 3. c3 dxc3 4. Nxc3 Nc6 5. Bc4 a6 6. a3 d6 7. Nf3 e6 8. Be3 Nf6 9. O-O Qc7 10. Qd2 Be7 11. Rad1 b5 12. Ba2 O-O 13. Bg5 Rd8 14. Rfe1 Bb7 15. h3 h6 16. Bh4 Rac8 17. Bg3 Qb6 18. Re3 Na5 19. Rd3 Nxe4 20. Nxe4 Bxe4 21. Rc3 Bxf3 22. Rxf3 d5 23. Qf4 Bf6 24. Bh4 e5 25. Qf5 Rc6 26. Bxd5 Rcd6 27. Bxf7+ Kxf7 28. Rxd6 Rxd6 29. Qh5+ Kg8 30. Bxf6 Rxf6 31. Rg3 Qxf2+ 32. Kh2 Qf5 33. Qxf5 Rxf5 34. Rc3 Rf2 35. Rc7 Rxb2 36. Ra7 Nc4 37. Rxa6 Ra2 38. Ra7 Nxa3 39. Rxa3 Ra1 40. Rxa1 Kf7 41. Rb1 Ke6 42. Rxb5 Kf5 43. Rb4 1-0

[Event "Play for Durgesh Fundraiser Blitz"]
[Site "Vishy Anand Arena"]
[Date "2020.09.19"]
[Round "6"]
[White "SaurabhGurbhele"]
[Black "VK2003"]
[Result "1-0"]
[WhiteElo "1286"]
[BlackElo "1524"]
[Annotator "NA"]
[PlyCount "47"]
[EventDate "2020.09.19"]
[EventType "swiss (blitz)"]

1. e4 e5 2. Nf3 Nc6 3. Nc3 Nf6 4. Bc4 Bc5 5. O-O d6 6. d3 Bg4 7. h3 Bh5 8. Qd2 Bxf3 9. Qg5 Nh5 10. Qf5 Qf6 11. Qxf6 gxf6 12. Bh6 Ng3 13. Rfe1 Bh5 14. Nd5 Ne2+ 15. Kf1 Ncd4 16. Nxc7+ Kd7 17. Nxa8 Rxa8 18. Rac1 Nf4 19. Bg7 Ke7 20. c3 Nde6 21. Rcd1 Nxg7 22. d4 exd4 23. cxd4 Bb4 24. Re3 1-0

[Event "Play for Durgesh Fundraiser Blitz"]
[Site "Vishy Anand Arena"]
[Date "2020.09.19"]
[Round "6"]
[White "Thewinner64"]
[Black "advay_aggarwal"]
[Result "1-0"]
[WhiteElo "1265"]
[BlackElo "1525"]
[Annotator "NA"]
[PlyCount "69"]
[EventDate "2020.09.19"]
[EventType "swiss (blitz)"]

1. e4 c5 2. c3 d5 3. exd5 e6 4. dxe6 Bxe6 5. Nf3 Nf6 6. d4 cxd4 7. cxd4 Qa5+ 8. Nc3 Ne4 9. Bd2 Bb4 10. Nxe4 Bxd2+ 11. Qxd2 Qxd2+ 12. Nexd2 O-O 13. Bd3 Nc6 14. O-O Nb4 15. Be4 Rae8 16. Ng5 g6 17. Ndf3 Bxa2 18. b3 Bxb3 19. Rab1 Bc2 20. Bxc2 Nxc2 21. Rfc1 Na3 22. Rxb7 h6 23. Nh3 Rc8 24. Rxc8 Rxc8 25. g4 Rc1+ 26. Kg2 Nc4 27. Rxa7 Nd6 28. d5 Kg7 29. g5 hxg5 30. Nhxg5 Kf6 31. Ra6 Kf5 32. Rxd6 Kg4 33. Rd8 Kf5 34. d6 Kf6 35. d7 1-0

[Event "Play for Durgesh Fundraiser Blitz"]
[Site "Vishy Anand Arena"]
[Date "2020.09.19"]
[Round "6"]
[White "Tigerchamp"]
[Black "advay_aggarwal"]
[Result "1-0"]
[WhiteElo "1264"]
[BlackElo "1554"]
[Annotator "NA"]
[PlyCount "61"]
[EventDate "2020.09.19"]
[EventType "swiss (blitz)"]

1. e4 c5 2. Bc4 e6 3. c3 d5 4. exd5 exd5 5. Bb5+ Bd7 6. Qe2+ Be7 7. Bxd7+ Nxd7 8. Nf3 Ngf6 9. d4 c4 10. b3 cxb3 11. axb3 O-O 12. O-O a6 13. Be3 Ne4 14. Qd3 Bf6 15. Nbd2 Nxd2 16. Nxd2 Re8 17. h3 a5 18. c4 dxc4 19. bxc4 a4 20. Rfe1 Qa5 21. Ra3 Be7 22. Ra2 a3 23. Nb3 Qxe1+ 24. Kh2 Bd6+ 25. g3 Rxe3 26. Qxe3 Qb4 27. c5 Bc7 28. Re2 a2 29. c6 bxc6 30. Nc5 a1=Q 31. Nxd7 1-0

[Event "Play for Durgesh Fundraiser Blitz"]
[Site "Vishy Anand Arena"]
[Date "2020.09.19"]
[Round "6"]
[White "Ruhikansb"]
[Black "Stormingrage_60"]
[Result "0-1"]
[WhiteElo "1255"]
[BlackElo "1503"]
[Annotator "NA"]
[PlyCount "58"]
[EventDate "2020.09.19"]
[EventType "swiss (blitz)"]

1. e4 e6 2. Nf3 Be7 3. Nc3 d6 4. Bc4 Bd7 5. O-O a6 6. a4 b6 7. e5 d5 8. Bd3 c5 9. h3 c4 10. Be2 Nc6 11. a5 Nxa5 12. d3 cxd3 13. Bxd3 Nc4 14. Bxc4 dxc4 15. Qd4 Bb5 16. Nxb5 axb5 17. Rxa8 Qxa8 18. Be3 Bd8 19. Ng5 Ne7 20. Qf4 O-O 21. Qh4 h6 22. Nf3 Nf5 23. Qf4 Nxe3 24. Qxe3 f6 25. exf6 Rxf6 26. Ne5 Bc7 27. Ng4 Rg6 28. b3 h5 29. Ne5 Qxg2# 0-1

[Event "Play for Durgesh Fundraiser Blitz"]
[Site "Vishy Anand Arena"]
[Date "2020.09.19"]
[Round "6"]
[White "Sahana007"]
[Black "Dhruvika"]
[Result "1-0"]
[WhiteElo "1248"]
[BlackElo "1211"]
[Annotator "NA"]
[PlyCount "55"]
[EventDate "2020.09.19"]
[EventType "swiss (blitz)"]

1. e4 e5 2. Nf3 Nf6 3. Nc3 Nc6 4. Bc4 Bc5 5. O-O O-O 6. h3 h6 7. d3 d6 8. Be3 Be6 9. Bxc5 Bxc4 10. dxc4 dxc5 11. Qxd8 Raxd8 12. Rad1 Rde8 13. Rfe1 Re6 14. Nd5 Nxd5 15. cxd5 Re7 16. dxc6 bxc6 17. Rd3 a5 18. Rc3 a4 19. Rxc5 Rd7 20. Rxc6 Re8 21. Ra6 Ree7 22. Rxa4 c6 23. Ra8+ Kh7 24. Re3 c5 25. Ra4 Rd6 26. c4 Ree6 27. Rea3 Rf6 28. b3 1-0

[Event "Play for Durgesh Fundraiser Blitz"]
[Site "Vishy Anand Arena"]
[Date "2020.09.19"]
[Round "6"]
[White "SAIPRAKASHREDDY"]
[Black "Yutikareddi"]
[Result "1-0"]
[WhiteElo "1229"]
[BlackElo "1416"]
[Annotator "NA"]
[PlyCount "59"]
[EventDate "2020.09.19"]
[EventType "swiss (blitz)"]

1. e4 e5 2. Nc3 Nc6 3. Bc4 Nf6 4. Nh3 Bc5 5. d3 O-O 6. Qf3 d6 7. Qg3 Nh5 8. Qf3 Qh4 9. g4 Nd4 10. Qd1 Bxg4 11. Qd2 Nf3+ 12. Kf1 Nxd2+ 13. Bxd2 Qxh3+ 14. Ke1 Qf3 15. Rg1 Qe2+ 16. Nxe2 Bh3 17. Ng3 Nxg3 18. fxg3 Bxg1 19. c3 Rae8 20. Ke2 Bg4+ 21. Kf1 Bc5 22. Kg2 Kh8 23. h3 Bd7 24. h4 f5 25. Rh1 fxe4 26. h5 Rf6 27. g4 h6 28. g5 hxg5 29. Bxg5 Rf7 30. h6 1-0

[Event "Play for Durgesh Fundraiser Blitz"]
[Site "Vishy Anand Arena"]
[Date "2020.09.19"]
[Round "6"]
[White "Govin4475"]
[Black "KaranAbbi"]
[Result "0-1"]
[WhiteElo "1225"]
[BlackElo "1507"]
[Annotator "NA"]
[PlyCount "52"]
[EventDate "2020.09.19"]
[EventType "swiss (blitz)"]

1. Nf3 c5 2. g3 d5 3. Bg2 Nc6 4. d3 e5 5. Nbd2 Nf6 6. O-O Be7 7. Re1 O-O 8. e4 d4 9. c3 Be6 10. h3 dxc3 11. bxc3 Qxd3 12. Re3 Qd6 13. Ng5 Ng4 14. hxg4 Bxg5 15. Re1 Rfd8 16. Bf3 Bxd2 17. Bxd2 Qxd2 18. Qxd2 Rxd2 19. Kg2 Rad8 20. Re2 R8d3 21. Rxd2 Rxd2 22. a4 h6 23. Rb1 Na5 24. Rb5 b6 25. Rb1 Nc4 26. Kh3 Rxf2 0-1

[Event "Play for Durgesh Fundraiser Blitz"]
[Site "Vishy Anand Arena"]
[Date "2020.09.19"]
[Round "6"]
[White "AdeepKumar"]
[Black "aaryan jogalekar"]
[Result "0-1"]
[WhiteElo "1219"]
[BlackElo "1387"]
[Annotator "NA"]
[PlyCount "66"]
[EventDate "2020.09.19"]
[EventType "swiss (blitz)"]

1. d4 d5 2. e3 Nc6 3. Nf3 Nf6 4. Nc3 Bf5 5. Bd3 e6 6. Bd2 Be7 7. O-O O-O 8. Ne5 Nxe5 9. dxe5 Ne4 10. Bxe4 dxe4 11. Nxe4 Bxe4 12. Qg4 Bxc2 13. Rac1 Qxd2 14. e4 Qa5 15. Rxc2 Qxe5 16. Rc3 Rac8 17. Rh3 Qf6 18. Qh5 h6 19. Rd1 Rcd8 20. Rf1 Qxb2 21. Re3 Qf6 22. a4 Qg6 23. Qh3 Qg5 24. Rg3 Qh4 25. Qxh4 Bxh4 26. Rh3 Be7 27. e5 f6 28. exf6 Bxf6 29. Rc3 Bxc3 30. Rc1 Bb2 31. Rf1 Rd2 32. Rb1 Rc2 33. Rf1 Rd2 0-1

[Event "Play for Durgesh Fundraiser Blitz"]
[Site "Vishy Anand Arena"]
[Date "2020.09.19"]
[Round "6"]
[White "RIJUD"]
[Black "Parth11"]
[Result "1/2-1/2"]
[WhiteElo "1198"]
[BlackElo "1463"]
[Annotator "NA"]
[PlyCount "105"]
[EventDate "2020.09.19"]
[EventType "swiss (blitz)"]

1. c4 e6 2. Nc3 d5 3. cxd5 exd5 4. Nf3 c5 5. d4 Nf6 6. e3 Nc6 7. Be2 Be6 8. O-O cxd4 9. exd4 Bd6 10. b3 Qc7 11. g3 h5 12. Nh4 g5 13. Bxg5 Nh7 14. Bd2 Bh3 15. Re1 O-O-O 16. Bd3 Ng5 17. Nxd5 Qd7 18. Nf6 Qc7 19. Bf5+ Bxf5 20. Nxf5 Nh3+ 21. Kg2 Kb8 22. Qc1 Ne7 23. Nxe7 Qxc1 24. Raxc1 Bxe7 25. Rxe7 Rd6 26. Kxh3 Rxf6 27. Bf4+ Ka8 28. Rec7 a6 29. Rc8+ Rxc8 30. Rxc8+ Ka7 31. Bb8+ Kb6 32. Bc7+ Kb5 33. Be5 Rxf2 34. Rc5+ Kb6 35. Rc7 Rxa2 36. Rxf7 Rb2 37. Rf3 a5 38. Kh4 Ra2 39. Kxh5 Ra3 40. Kg4 Kb5 41. h4 Kb4 42. h5 a4 43. bxa4 Rxf3 44. Kxf3 Kxa4 45. h6 b5 46. h7 b4 47. h8=Q b3 48. Qa8+ Kb4 49. Bd6+ Kc3 50. Qc8+ Kd2 51. Bb4+ Kd1 52. Qc3 b2 53. Qxb2 1/2-1/2

[Event "Play for Durgesh Fundraiser Blitz"]
[Site "Vishy Anand Arena"]
[Date "2020.09.19"]
[Round "6"]
[White "Govin4475"]
[Black "Shivanibai"]
[Result "1-0"]
[WhiteElo "1196"]
[BlackElo "1477"]
[Annotator "NA"]
[PlyCount "45"]
[EventDate "2020.09.19"]
[EventType "swiss (blitz)"]

1. Nf3 d5 2. g3 Nf6 3. d3 g6 4. Bg2 Bg7 5. Nbd2 O-O 6. e4 dxe4 7. dxe4 Nc6 8. O-O e5 9. Re1 Re8 10. c3 Bg4 11. b3 Bh6 12. h3 Bxf3 13. Nxf3 Qe7 14. Bxh6 Rad8 15. Qe2 Qc5 16. c4 Qb4 17. Bg5 Re6 18. h4 Ng4 19. Bh3 f6 20. Bxg4 f5 21. Bh3 Rdd6 22. exf5 gxf5 23. Bxf5 1-0

[Event "Play for Durgesh Fundraiser Blitz"]
[Site "Vishy Anand Arena"]
[Date "2020.09.19"]
[Round "6"]
[White "RIJUD"]
[Black "Prashanth_k01"]
[Result "1-0"]
[WhiteElo "1168"]
[BlackElo "1543"]
[Annotator "NA"]
[PlyCount "95"]
[EventDate "2020.09.19"]
[EventType "swiss (blitz)"]

1. c4 e6 2. Nc3 d5 3. cxd5 exd5 4. Nf3 Nf6 5. e3 c6 6. d4 Bd6 7. Be2 O-O 8. O-O Bf5 9. Ne5 Nbd7 10. f4 h6 11. b3 Ne4 12. Bd3 Bh7 13. Bxe4 dxe4 14. Bb2 Nxe5 15. fxe5 Be7 16. a4 Bg5 17. Qe2 Rc8 18. Ba3 Be7 19. Bxe7 Qxe7 20. Rf2 f5 21. exf6 Rxf6 22. Raf1 Rcf8 23. Qc4+ Kh8 24. Rxf6 Rxf6 25. Rxf6 Qxf6 26. h3 Qg5 27. Qe2 Bg6 28. Kh2 Bh5 29. Qf2 Qe7 30. Ne2 Bxe2 31. Qxe2 Qd6+ 32. g3 Qb4 33. Qb2 Qe1 34. Kg2 Qxe3 35. Qf2 Qxb3 36. Qf8+ Kh7 37. Qf5+ Kg8 38. Qxe4 Qxa4 39. Qe8+ Kh7 40. Qe4+ Kg8 41. Qd3 Qa2+ 42. Kf3 Qf7+ 43. Ke2 Qa2+ 44. Ke3 Qe6+ 45. Qe4 Qb3+ 46. Qd3 Qe6+ 47. Kd2 Qa2+ 48. Qc2 1-0

[Event "Play for Durgesh Fundraiser Blitz"]
[Site "Vishy Anand Arena"]
[Date "2020.09.19"]
[Round "6"]
[White "Ishaan31"]
[Black "Naga jaswanth"]
[Result "0-1"]
[WhiteElo "1134"]
[BlackElo "1434"]
[Annotator "NA"]
[PlyCount "54"]
[EventDate "2020.09.19"]
[EventType "swiss (blitz)"]

1. e4 e5 2. Nf3 Nc6 3. Bc4 Nf6 4. Ng5 d5 5. Bxd5 Nxd5 6. exd5 Qxg5 7. d3 Qxg2 8. Rf1 Nd4 9. Nc3 Nf3+ 10. Ke2 Nxh2 11. Rg1 Qh3 12. Rg3 Qh4 13. Qh1 Bg4+ 14. Ke3 Bc5+ 15. Ke4 Bf3+ 16. Kxe5 Bxh1 17. Na4 Bxf2 18. Rf3 O-O 19. d6 Rae8+ 20. Kd5 Qh5+ 21. Kc4 Bxf3 22. Nc5 Qd5+ 23. Kb4 Bxc5+ 24. Kc3 Bd4+ 25. Kd2 Re2+ 26. Kd1 Qc5 27. Be3 Qxc2# 0-1

[Event "Play for Durgesh Fundraiser Blitz"]
[Site "Vishy Anand Arena"]
[Date "2020.09.19"]
[Round "6"]
[White "SudiNarayana"]
[Black "The_nicepencil1812"]
[Result "1-0"]
[WhiteElo "1100"]
[BlackElo "1236"]
[Annotator "NA"]
[PlyCount "29"]
[EventDate "2020.09.19"]
[EventType "swiss (blitz)"]

1. e4 e5 2. Nf3 Bc5 3. Nxe5 Qh4 4. g3 Qf6 5. Nf3 Qd4 6. Nxd4 Bxd4 7. Qf3 Nf6 8. Bc4 Ke7 9. d3 Nh5 10. Qxh5 Ke8 11. Qxf7+ Kd8 12. Bg5+ Bf6 13. Bxf6+ gxf6 14. O-O Rf8 15. Qxf8# 1-0

[Event "Play for Durgesh Fundraiser Blitz"]
[Site "Vishy Anand Arena"]
[Date "2020.09.19"]
[Round "6"]
[White "Queenbee1"]
[Black "SHUSHANTH 4789"]
[Result "1-0"]
[WhiteElo "954"]
[BlackElo "1157"]
[Annotator "NA"]
[PlyCount "31"]
[EventDate "2020.09.19"]
[EventType "swiss (blitz)"]

1. e4 e5 2. Nf3 Nc6 3. Bc4 Bc5 4. Nc3 Nd4 5. Nxe5 Qf6 6. Bxf7+ Kf8 7. Bxg8 Nxc2+ 8. Qxc2 Qxf2+ 9. Kd1 Qxg2 10. Re1 Qxh2 11. Qd3 Qxe5 12. Bb3 Bf2 13. Rf1 Qh2 14. Qf3+ Ke7 15. Qxf2 Qxf2 16. Rxf2 1-0

[Event "Play for Durgesh Fundraiser Blitz"]
[Site "Vishy Anand Arena"]
[Date "2020.09.19"]
[Round "6"]
[White "Queenbee1"]
[Black "Cubing siddanth"]
[Result "1-0"]
[WhiteElo "924"]
[BlackElo "1246"]
[Annotator "NA"]
[PlyCount "39"]
[EventDate "2020.09.19"]
[EventType "swiss (blitz)"]

1. e4 c5 2. Nf3 d6 3. d4 cxd4 4. Nxd4 Nf6 5. Nc3 g6 6. Bf4 Bg7 7. Be3 Nc6 8. f3 Bd7 9. Bc4 Qc7 10. Qd2 Nxd4 11. Bxd4 d5 12. Bb3 dxe4 13. Nxe4 Nxe4 14. fxe4 e5 15. Be3 f5 16. exf5 g5 17. Bxg5 e4 18. Qf4 Qc8 19. Qxe4+ Kf8 20. Qe7# 1-0

[Event "Play for Durgesh Fundraiser Blitz"]
[Site "Vishy Anand Arena"]
[Date "2020.09.19"]
[Round "7"]
[White "Babysnake"]
[Black "KananGarayev"]
[Result "0-1"]
[WhiteElo "2516"]
[BlackElo "2291"]
[PlyCount "108"]
[EventDate "2020.09.19"]
[EventType "swiss (blitz)"]

1. Nf3 g6 2. d4 Bg7 3. e4 Nf6 4. Nc3 d6 5. h3 O-O 6. Be3 c6 7. a4 Nbd7 8. Be2 e5 9. dxe5 dxe5 10. O-O Qe7 11. Bc4 Nh5 12. a5 Nf4 13. Kh2 Nc5 14. Ng1 Be6 15. Bxe6 Ncxe6 16. g3 Nh5 17. Qc1 f5 18. exf5 gxf5 19. Bh6 f4 20. Bxg7 Qxg7 21. g4 Nf6 22. Nf3 e4 23. Nh4 Nxg4+ 24. Kh1 Qh6 25. Rg1 Kh8 26. Rxg4 Rg8 27. Qd1 Rxg4 28. Qxg4 Rg8 29. Nf5 Qf8 30. Qh5 Rg5 31. Qh6 Qxf5 32. Rg1 Rxg1+ 33. Kxg1 Kg8 34. Qh4 e3 35. fxe3 fxe3 36. Qg3+ Kf7 37. Qxe3 Qxc2 38. Qxa7 Qc1+ 39. Kg2 Qxb2+ 40. Qf2+ Nf4+ 41. Kg3 Qxf2+ 42. Kxf2 Nxh3+ 43. Kg3 Ng5 44. Kf4 Ne6+ 45. Ke5 Ke7 46. Ne4 h5 47. Nd6 Nc5 48. Nxb7 Nxb7 49. a6 Nd6 50. a7 Nc4+ 51. Kd4 Nb6 52. Kc5 Na8 53. Kxc6 Kd8 54. Kb7 Nc7 0-1

[Event "Play for Durgesh Fundraiser Blitz"]
[Site "Vishy Anand Arena"]
[Date "2020.09.19"]
[Round "7"]
[White "STRANGE"]
[Black "Swayham"]
[Result "1-0"]
[WhiteElo "2423"]
[BlackElo "2061"]
[PlyCount "55"]
[EventDate "2020.09.19"]
[EventType "swiss (blitz)"]

1. d4 d5 2. Bf4 Bf5 3. c4 c6 4. Nc3 Nf6 5. e3 e6 6. Qb3 Qb6 7. c5 Qxb3 8. axb3 Nbd7 9. b4 a6 10. b5 a5 11. Nf3 Nh5 12. Bc7 f6 13. h3 Be4 14. Be2 f5 15. O-O Bxf3 16. Bxf3 Nhf6 17. Bxa5 Be7 18. Bc7 O-O 19. b6 g5 20. Be2 h5 21. b4 Ne4 22. Nxe4 dxe4 23. b5 cxb5 24. Bxb5 Nf6 25. c6 bxc6 26. Rxa8 Rxa8 27. Bxc6 Rf8 28. b7 1-0

[Event "Play for Durgesh Fundraiser Blitz"]
[Site "Vishy Anand Arena"]
[Date "2020.09.19"]
[Round "7"]
[White "LAXMAN"]
[Black "Atri Chattopadhyay"]
[Result "1-0"]
[WhiteElo "2417"]
[BlackElo "1915"]
[PlyCount "47"]
[EventDate "2020.09.19"]
[EventType "swiss (blitz)"]

1. d4 d5 2. c4 Bf5 3. cxd5 Bxb1 4. Qa4+ c6 5. dxc6 Nxc6 6. Rxb1 e5 7. Bd2 Qxd4 8. Qxd4 Nxd4 9. Nf3 Nxf3+ 10. exf3 a6 11. Bc3 f6 12. Bc4 Ne7 13. O-O Nc6 14. Rfe1 b5 15. Bd5 Rc8 16. f4 Ne7 17. Bb7 Rc7 18. Bxa6 exf4 19. Bxb5+ Kf7 20. Ba5 Rc8 21. Rbc1 Rb8 22. a4 g6 23. Rc7 g5 24. Bb4 1-0